00631nam a22001577a 4500003000900000008004100009040007100050082001900121100003300140245004800173260002700221300004400248505013600292650001800428650002700446AR-CdUCM190321b ||||| |||| 00| 0 spa d aMUNICIPALIDAD PROVINCIAL DEL CUSCOcBIBLIOTECA MUNICIPAL DEL CUSCO a573.709 /bP83 aPozo Flórez, C. Arturo del aGuía de Antropología física Paracas / aLima :bGrambs,c1988. a327 páginas ;bIlustraciones,c21 cm. aCavernas: Estudio de los cráneos con deformaciones artificiales y trepanaciones o patologías diversas -- Técnicas utilizadas. aCraneología aÉpoca Prehispánica